00550nam a2200169Ia 4500003000900000008004100009040003300050041000800083080001600091100002500107245006400132260004300196300001800239942000700257952009700264999001900361LK-CoDNM010623t1981 xxu||||| |||| 00| 1 eng d aLK-CoDNMdLK-CoDNMeLK-CoDNM aeng a331:016 KOR aKorale, Siri Ranjani aBibliography of Labour Relations in Sri Lanka : 1840-1978 b Ministry of Labour a Sri Lankac1981 b164p, 24.5 cm cBK 001040708MONOaMAINbMAINd2023-08-02l0o331:016 KORp119400r2023-08-02w2023-08-02yBK c111454d111454